000 00580nam a22001817a 4500
999 _c8417
_d8417
008 201118b ||||| |||| 00| 0 eng d
040 _aBMS College of Architecture
100 _aKumar, S Namitha
245 _aThe fashion institute and weaver's training center
300 _aNA
500 _a1BM14AT053
502 _8B,Arch
_NBMS College of Architecture, Visvesvaraya Technological University (VTU)
_aProject report
_d2019
650 _aFashion Institute
650 _aTraining center
700 _aYogeshwari K
_eGuide
700 _aLakshmi Poorna
_eGuide
942 _2ddc
_cTHE